Risk assessm,ent and management of potentially dangerous offenders - Collaboration between police and probation services in London

Guardado en:  
Detalles Bibliográficos
Autor principal: Davis, Jan (Autor)
Tipo de documento: Print Artículo
Lenguaje:Inglés
Publicado: 2000
En: CEP bulletin
Año: 2000, Número: 15, Páginas: 1-3
Verificar disponibilidad: HBZ Gateway
Palabras clave:

MARC

LEADER 00000caa a22000002c 4500
001 1639230238
003 DE-627
005 20220608124439.0
007 tu
008 160223s2000 xx ||||| 00| ||eng c
035 |a (DE-627)1639230238 
035 |a (DE-576)455809402 
035 |a (DE-599)BSZ455809402 
040 |a DE-627  |b ger  |c DE-627  |e rakwb 
041 |a eng 
100 1 |a Davis, Jan  |4 aut 
245 1 0 |a Risk assessm,ent and management of potentially dangerous offenders - Collaboration between police and probation services in London  |c Jan Davis 
264 1 |c 2000 
336 |a Text  |b txt  |2 rdacontent 
337 |a ohne Hilfsmittel zu benutzen  |b n  |2 rdamedia 
338 |a Band  |b nc  |2 rdacarrier 
773 0 8 |i In  |a Permanent European Conference on Probation and After Care  |t CEP bulletin  |d 's-Hertogenbosch : CEP, 1995  |g (2000), 15, Seite 1-3  |w (DE-627)302195831  |w (DE-600)1490543-7  |w (DE-576)079599052  |x 1382-7790  |7 nnas 
773 1 8 |g year:2000  |g number:15  |g pages:1-3 
935 |a mkri 
951 |a AR 
ELC |b 1 
LOK |0 000 xxxxxcx a22 zn 4500 
LOK |0 001 3299625144 
LOK |0 003 DE-627 
LOK |0 004 1639230238 
LOK |0 005 20250407123909 
LOK |0 008 160208||||||||||||||||ger||||||| 
LOK |0 040   |a DE-21-110  |c DE-627  |d DE-21-110 
LOK |0 689   |a s  |a Gefährlichkeitsprognose 
LOK |0 689   |a s  |a Straftäter 
LOK |0 689   |a s  |a Polizei 
LOK |0 689   |a s  |a Gefährlichkeit 
LOK |0 689   |a s  |a Bewährungshilfe 
LOK |0 689   |a s  |a Zusammenarbeit 
LOK |0 689   |a g  |a Großbritannien 
LOK |0 852   |a DE-21-110 
LOK |0 852 1  |m p  |9 00 
LOK |0 935   |a k110 
LOK |0 938   |k p 
LOK |0 939   |a 08-02-16  |b l01 
ORI |a SA-MARC-krimdoka001.raw